LIFE LESSONS/ (Record no. 215432)

MARC details
000 -LEADER
fixed length control field 00570nam a22001937a 4500
005 - DATE AND TIME OF LATEST TRANSACTION
control field 20260410102948.0
010 ## - LCCN (DPL NO)
LC control number ENG-147981
020 ## - INTERNATIONAL STANDARD BOOK NUMBER
International Standard Book Number 9789349001572
Terms of availability 195.00
035 ## - SYSTEM CONTROL NUMBER
System control number EN-131513
037 ## - SOURCE OF ACQUISITION
Source of stock number/acquisition DBAD
082 ## - DEWEY DECIMAL CLASSIFICATION NUMBER
Classification number 153.4
Edition number 1
100 ## - MAIN ENTRY--PERSONAL NAME
Personal name Joshi Nitin
245 ## - TITLE STATEMENT
Title LIFE LESSONS/
Statement of responsibility, etc Nitin Joshi
250 ## - EDITION STATEMENT
Edition statement 1
260 ## - PUBLICATION, DISTRIBUTION, ETC. (IMPRINT)
Place of publication, distribution, etc maharastra
Name of publisher, distributor, etc Vishwakarma Publication
Date of publication, distribution, etc 2025
270 ## - ADDRESS
City Pune
Address 34A/1;suyog centre;7th Floor ';Gultekadi Marketyard Road;Giridher bhavan Chowk;
Postal code 411037
300 ## - PHYSICAL DESCRIPTION
Extent 130p.
Dimensions 21cm (pb)
942 ## - ADDED ENTRY ELEMENTS (KOHA)
Source of classification or shelving scheme Dewey Decimal Classification
Item type English Books
Classification part 153.4
Call number suffix JOS
Holdings
Withdrawn status Lost status Not for loan Collection code Home library Current library Date acquired Source of acquisition Cost, normal purchase price Full call number Barcode Copy number Cost, replacement price Koha item type
    Not For Loan Non-fiction D.B.Act.Division D.B.Act.Division 10/04/2026 Delivery of Books Act Division 195.00 153.4 JOS HN-131513 1 195.00 English Books

© Delhi Public Library
Hit Counter
free hit counter